000 00488nam a2200169 i 4500
001 50611
003 ES-MaACL
005 20251115063234.0
007 t|
008 030805s1922 sp ||||1| spa d
100 0 _aChacón y Calvo, José María,
_d1893-1969
_937770
245 1 4 _aLas cien mejores poesías cubanas /
_cJosé María Chacón y Calvo.
260 _aMadrid :
_bReus,
_c1922.
300 _a316 p. ;
_c18 cm.
852 _aES-MaACL
_jF-5394
999 _c50611
_d50611